| 000 | 00766nam a22002057a 4500 | ||
|---|---|---|---|
| 999 |
_c532869 _d532869 |
||
| 003 | NUST | ||
| 005 | 20191204113144.0 | ||
| 008 | 191204b ||||| |||| 00| 0 eng d | ||
| 038 | _aIESE | ||
| 082 |
_a628 _bAZI |
||
| 100 |
_aAziz, Zimaar Fahad, Sumaiya Hussain, Suleman Sikandar. _926485 |
||
| 245 |
_aDesign and fabrication of solar-thermal water purification system. _cZimaar Fahad Aziz, Sumaiya Hussain, Suleman Sikandar. |
||
| 260 |
_aIslamabad _bIESE (SCEE) NUST _c2019. |
||
| 300 |
_a42p. _bH.B |
||
| 440 |
_aUG Environmental Engineering _91834 |
||
| 500 | _aThesis UG EE | ||
| 650 |
_aEnvironmental Engineering _91550 |
||
| 700 | _4Dr. M Zeeshan Ali Khan (Supervisor) | ||
| 942 |
_2ddc _cTHE _kIESE |
||